LIBRARY & INFORMATION CENTRE, KCAET, TAVANUR

ONLINE PUBLIC ACCESS CATALOGUE (OPAC)

Hand book of natural toxins vol-1 plant and fungal toxins / (Record no. 10328)

MARC details
000 -LEADER
fixed length control field 00439cam a2200157ua 4500
041 ## - LANGUAGE CODE
Language code of text/sound track or separate title eng
082 ## - DEWEY DECIMAL CLASSIFICATION NUMBER
Classification number 028.71632
Item number KEE/HA
100 ## - MAIN ENTRY--AUTHOR NAME
Personal name Keeler, Richard F .
245 ## - TITLE STATEMENT
Title Hand book of natural toxins vol-1 plant and fungal toxins /
260 ## - PUBLICATION, DISTRIBUTION, ETC. (IMPRINT)
Place of publication New York :
Name of publisher Marcel Dekker Inc. ,
Year of publication 1983.
300 ## - PHYSICAL DESCRIPTION
Number of Pages 930 ; .
700 1# - ADDED ENTRY--PERSONAL NAME
Personal name Anthony , T .
942 ## - ADDED ENTRY ELEMENTS (KOHA)
Koha item type Books
Holdings
Withdrawn status Lost status Damaged status Home library Current library Date acquired Full call number Accession Number Koha item type
      KAUAET KAUAET 11/11/1987 028.71632 16378 Reference
free website counter